Statistics for Eurovision 2015 Results with New Voting System

Click here to take the quiz!

General Stats

  • This quiz has been taken 6 times
  • The average score is 19 of 40

Answer Stats

PositionPoints TotalJury PointsTelevoting PointsCountry% Correct
#4381 (Final)186195Belgium
100%
#2537 (Final)171366Italy
100%
#3520 (Final)234286Russia
100%
#1632 (Final)353279Sweden
100%
#1297 (Final)493Albania
75%
#1390 (Final)1575Armenia
75%
#2340 (Final)400Austria
75%
#15**88 (Final)4048Azerbaijan
75%
#1871 (Final)638Cyprus
75%
#7206 (Final)16343Norway
75%
#1198 (Final)1286Serbia
75%
#2719 (Final)127United Kingdom
75%
#5356 (Final)224132Australia
50%
#8197 (Final)53144Estonia
50%
#36 (#16 in Semi-Final 1)52 (Semi-Final 1)151Finland
50%
#2628 (Final)244France
50%
#10114 (Final)6252Georgia
50%
#2529 (Final)245Germany
50%
#2053 (Final)2924Greece
50%
#2150 (Final)2921Hungary
50%
#6349 (Final)249100Latvia
50%
#2249 (Final)247Poland
50%
#1963 (Final)3627Slovenia
50%
#2433 (Final)627Spain
50%
#9181 (Final)77104Israel
25%
#1775 (Final)3144Lithuania
25%
#35 (#15 in Semi-Final 1)64 (Semi-Final 1)4222Macedonia
25%
#28 (#11 in Semi-Final 2)*116 (Semi-Final 2)8432Malta
25%
#31 (#12 in Semi-Final 1)94 (Semi-Final 1)4648Moldova
25%
#1678 (Final)4434Montenegro
25%
#1490 (Final)2169Romania
25%
#39 (#16 in Semi-Final 2)22 (Semi-Final 2)616San Marino
25%
#40 (#17 in Semi-Final 2)21 (Semi-Final 2)156Switzerland
25%
#32 (#13 in Semi-Final 1)93 (Semi-Final 1)7023The Netherlands
25%
#30 (#11 in Semi-Final 1)97 (Semi-Final 1)6532Belarus
0%
#33 (#13 in Semi-Final 2)85 (Semi-Final 2)3451Czech Republic
0%
#34 (#14 in Semi-Final 1)74 (Semi-Final 1)5123Denmark
0%
#38 (#15 in Semi-Final 2)36 (Semi-Final 2)1521Iceland
0%
#29 (#12 in Semi-Final 2)98 (Semi-Final 2)8414Ireland
0%
#37 (#14 in Semi-Final 2)47 (Semi-Final 2)2324Portugal
0%

Score Distribution

Percentile by Number Answered

Percent of People with Each Score

Your Score History

You have not taken this quiz